Genetics and Analysis of Quantitative Traits
Uloženo v:
| Hlavní autoři: | , |
|---|---|
| Médium: | Kniha |
| Jazyk: | angličtina |
| Vydáno: |
Sunderland
Sinauer
1997
|
| Vydání: | 1a. ed |
| Témata: | |
| Tagy: |
Přidat tag
Žádné tagy, Buďte první, kdo vytvoří štítek k tomuto záznamu!
|
MARC
| LEADER | 00000nam a2200000 a 4500 | ||
|---|---|---|---|
| 001 | UCJ9760 | ||
| 003 | CL-VaPUC | ||
| 008 | 070405e19970000US |||||||||||||||||eng|d | ||
| 020 | |a 0878934812 | ||
| 082 | 0 | 4 | |a 576.5 |b LYN |2 21 |
| 100 | |a Lynch, Michael |e autor |9 519840 | ||
| 700 | 0 | |a Walsh, Bruce |e author |9 519841 | |
| 245 | 1 | 0 | |a Genetics and Analysis of Quantitative Traits |
| 250 | |a 1a. ed | ||
| 300 | |a 980 p | ||
| 942 | |c BK | ||
| 945 | |d 20070405 00:00:00 |a lvergara | ||
| 260 | |a Sunderland |b Sinauer |c 1997 | ||
| 650 | 7 | |a GENETICA CUANTITATIVA |2 CL-VaPUC |9 269813 | |
| 650 | 0 | |a Genética |9 259443 | |
| 650 | 0 | |a Biometría |9 262306 | |
| 583 | |a last modification |c 20070405 00:00:00 |k Rodrigo Vera | ||
| 999 | |c 325169 |d 325167 | ||
| 952 | |0 0 |1 0 |4 0 |6 576_500000000000000_LYN_1997 |7 0 |8 A |9 405784 |a BIBMAT |b BIBMAT |d 2019-11-22 |i 4327209 |o 576.5 LYN 1997 |p 4327209 |r 2025-01-07 |w 2019-11-22 |y BK |k MAT | ||